LEADER 01277nam a2200265 4500 001 000000345496 003 CaOOAMICUS 005 20210423145310.0 008 210422s1641 ne 000 u lat r 026 $es.T, 68e- e-CL clC* (3) 1641 (R)$d*= ae 040 $aSeMil$bita 100 11$aSmith, Thomas,$d<1513-1577>.$0(OLS)http://semarc/name/113638 245 00$aThomae Smithi Angli De republica Anglorum libri tres. Quibus accesserunt chorographica illius descriptio aliique politici tractatus. 250 $aEditio ultima prioribus multo auctior 264 1$aLug. Batavor. :$bEx Officina Elzeviriana,$c1641. 300 $a[16], 428, [12] p. ;$c24° 500 $aFront. calcogr. 500 $aSegn.: *? A-2D? 2E? 700 1 $aElzevier, Bonaventura & Elzevier, Abraham$b<1.,$cEditore>.$0(OLS)http://semarc/name/109279 850 $aSeMil 852 $aSeMil$W1$xVenegono$y1$m2ZB VI 39 FA$j225578$B236577$CSeMilBibl$Z2$F236577 $8I 941 1 $a10 996 $6245$aThomae Smithi Angli De republica Anglorum libri tres. Quibus accesserunt chorographica illius descriptio aliique politici tractatus$9(OLS)http://semarc/title/434647 996 $6264$aLug. Batavor. :$bEx Officina Elzeviriana$9(OLS)http://semarc/publisher/59719 LEADER 01073nam a2200241 i 4500 001 000000119605 003 CaOOAMICUS 005 20031030000000.0 008 031030s1999 it u000 u ita u 013 $a92299 040 $aSeMil$bita 100 1 $aGandolfo Donatiello, Biancamaria.$0(OLS)http://semarc/name/49854 245 12$aL'esordio dell'apostolato di frate Leonardo da Porto Maurizio :$bgli anni 1704-1709 /$cBiancamaria Gandolfo Donatiello. 260 $aImperia :$bCentro Studi Leonardiani,$c1999. 300 $a61 p. ;$c22 cm. 500 $aFondo Card. C.M. Martini. 600 04$aLeonardo : da Porto Maurizio .$0(OLS)http://semarc/subject/4492 850 $aSeMil 852 $aSeMil$W1$xVenegono$y1$m3H III 25$j74812$B74812$CSeMilBibl$Z2$F84178 $81 941 1 $a4 961 $aOmaggio: Martini Card. Carlo Maria 996 $6245$aL'esordio dell'apostolato di frate Leonardo da Porto Maurizio :$bgli anni 1704-1709$9(OLS)http://semarc/title/175818 996 $6260$aImperia :$bCentro Studi Leonardiani$9(OLS)http://semarc/publisher/45917